New Jersey 1847 Issue covers (Record no. 2501)

000 -LEADER
fixed length control field 00395nam a22000977a 4500
008 - FIXED-LENGTH DATA ELEMENTS--GENERAL INFORMATION
fixed length control field 171002b xxu||||| |||| 00| 0 eng d
100 ## - MAIN ENTRY--AUTHOR'S NAME
Author's Name Arch, Brad
245 ## - TITLE STATEMENT
Title New Jersey 1847 Issue covers
260 ## - PUBLICATION, DISTRIBUTION, ETC. (IMPRINT)
Place of publication, distribution, etc. Clifton, N.J.
Name of publisher, distributor, etc. New Jersey Postal History Society
Date of publication, distribution, etc. 1987
650 ## - TOPICAL TERM (Tag)
Topical term or geographic name United States -- New Jersey | Covers | Postal History | Postal Markings | 19th Century | First Issues | Definitive Issues | 1847
Holdings
Withdrawn status Lost status Source of classification or shelving scheme Damaged status Koha normalized classification for sorting Not for loan Permanent Location Current Location Shelving location Date acquired Total Checkouts Full call number Barcode Date last seen Date last checked out Copy number Price effective from
        G3811 P856 A669   Northern Philatelic Library Northern Philatelic Library General Stacks 10/02/2017 1 G3811 P856 A669 1002752 10/16/2021 03/26/2018 1 10/02/2017

Powered by Koha